[Event "Arctic Chess Challenge"]
[Site "Tromsoe"]
[Date "2010.07.31"]
[Round "1"]
[White "Wilsbeck, Jan Borge"]
[Black "Tiller, Bjorn"]
[Result "0-1"]
[WhiteElo "1912"]
[BlackElo "2398"]
[PlyCount "92"]
[EventDate "2010.07.31"]
[EventType "swiss"]
[EventRounds "9"]
[EventCountry "NOR"]
[SourceTitle "CBM 137 Extra"]
[Source "ChessBase"]
[SourceDate "2010.09.01"]
[SourceVersion "1"]
[SourceVersionDate "2010.09.01"]
[SourceQuality "1"]

1. e4 c5 2. Nf3 e6 3. d4 cxd4 4. Nxd4 Nc6 5. Be3 Nf6 6. Nc3 Bb4 7. Bd3 d5 8. Nxc6 bxc6 9. e5 d4 10. Bd2 dxc3 11. bxc3 Be7 12. exf6 Bxf6 13. 0-0 0-0 14. Qh5 g6 15. Qe2 Qc7 16. Rab1 e5 17. f4 exf4 18. Bxf4 Qe7 19. Qxe7 Bxe7 20. Be4 Ba6 21. Bd3 Bc5+ 22. Kh1 Bxd3 23. cxd3 f5 24. Rfe1 Rfe8 25. Rxe8+ Rxe8 26. Rb8 Rxb8 27. Bxb8 g5 28. g3 Kf7 29. Be5 Ke6 30. Bg7 a6 31. Kg2 g4 32. Bh6 Kd5 33. h3 Bd6 34. hxg4 fxg4 35. a4 c5 36. Kf2 c4 37. d4 Ke4 38. Kg2 Kd3 39. Bf4 Bf8 40. Kf2 Kxc3 41. Ke3 Kb4 42. d5 Kc5 43. Ke4 c3 44. Be3+ Kd6 45. Bf4+ Kd7 46. Kf5 Ba3 0-1

[Event "Oslo Johannessen Memorial"]
[Site "Oslo"]
[Date "2008.06.29"]
[Round "4"]
[White "Wilsbeck, Jan Borge"]
[Black "Nyland, Thomas"]
[Result "1/2-1/2"]
[WhiteElo "1921"]
[BlackElo "2107"]
[PlyCount "79"]
[EventDate "2008.06.27"]
[EventType "swiss"]
[EventRounds "9"]
[EventCountry "NOR"]
[SourceTitle "CBM 125 Extra"]
[Source "ChessBase"]
[SourceDate "2008.09.01"]
[SourceVersion "1"]
[SourceVersionDate "2008.09.01"]
[SourceQuality "1"]

1. e4 e5 2. f4 exf4 3. Nf3 Be7 4. Bc4 Bh4+ 5. Kf1 d6 6. d4 Bg5 7. Nxg5 Qxg5 8. Qf3 Nc6 9. c3 Nf6 10. Bxf4 Qg6 11. Bd3 Qg4 12. Nd2 0-0 13. Qxg4 Nxg4 14. h3 Nf6 15. Kf2 Nh5 16. Bh2 Bd7 17. Be2 Nf6 18. Bf3 Rae8 19. Rhe1 h6 20. Rad1 Nh7 21. h4 Nf6 22. Kg1 Bg4 23. e5 Bxf3 24. Nxf3 dxe5 25. d5 Ne7 26. c4 e4 27. Nd2 Rc8 28. Nxe4 Nxe4 29. Rxe4 Nf5 30. c5 Rfd8 31. Re5 g6 32. h5 Rd7 33. hxg6 fxg6 34. g4 Nh4 35. Re3 Rf8 36. Bg3 g5 37. d6 cxd6 38. Rxd6 Rdf7 39. Rd1 Ng6 40. Bd6 1/2-1/2

[Event "Baltic Sea Cup"]
[Site "Ronne"]
[Date "2007.08.03"]
[Round "7.36"]
[White "Hansen, Lars Henrik Bech"]
[Black "Wilsbeck, Jan Borge"]
[Result "1-0"]
[WhiteElo "2070"]
[BlackElo "1925"]
[PlyCount "71"]
[EventDate "2007.07.30"]
[EventType "swiss"]
[EventRounds "9"]
[EventCountry "DEN"]
[SourceTitle "EXT 2023"]
[Source "ChessBase"]
[SourceDate "2022.10.05"]
[SourceVersion "1"]
[SourceVersionDate "2022.10.05"]
[SourceQuality "1"]

1. e4 c5 2. Nf3 e6 3. d4 cxd4 4. Nxd4 a6 5. Bd3 Qc7 6. Be3 Nf6 7. 0-0 Nc6 8. Nxc6 bxc6 9. c4 d5 10. cxd5 exd5 11. exd5 Ng4 12. g3 Nxe3 13. fxe3 Bc5 14. Qf3 0-0 15. dxc6 Qe5 16. Nc3 Qxe3+ 17. Qxe3 Bxe3+ 18. Kg2 Be6 19. Bf5 Bd4 20. Bxe6 Bxc3 21. Rxf7 Rxf7 22. bxc3 Raf8 23. Bxf7+ Kxf7 24. Rd1 Rc8 25. Rd7+ Ke6 26. Rxg7 Rxc6 27. Rxh7 Kd5 28. Rf7 Rxc3 29. h4 Ke6 30. Rf2 a5 31. h5 a4 32. Kh3 a3 33. Kh4 Rc4+ 34. g4 Rb4 35. Rf3 Ra4 36. h6 1-0

[Event "Baltic Sea Cup"]
[Site "Ronne"]
[Date "2007.08.02"]
[Round "5.52"]
[White "Holt, Michael"]
[Black "Wilsbeck, Jan Borge"]
[Result "0-1"]
[WhiteElo "1000"]
[BlackElo "1925"]
[PlyCount "44"]
[EventDate "2007.07.30"]
[EventType "swiss"]
[EventRounds "9"]
[EventCountry "DEN"]
[SourceTitle "EXT 2023"]
[Source "ChessBase"]
[SourceDate "2022.10.05"]
[SourceVersion "1"]
[SourceVersionDate "2022.10.05"]
[SourceQuality "1"]

1. b3 e5 2. Bb2 Nc6 3. e3 Nf6 4. Nf3 d6 5. Be2 Be7 6. 0-0 0-0 7. d4 e4 8. Nfd2 d5 9. c4 Nb4 10. Bc3 c6 11. a3 Na6 12. c5 b6 13. b4 Nc7 14. Nb3 Nfe8 15. a4 f5 16. g3 g5 17. a5 b5 18. h3 f4 19. g4 f3 20. Bxb5 Nxb5 21. a6 h5 22. Na5 Qc7 0-1

[Event "Baltic Sea Cup"]
[Site "Ronne"]
[Date "2007.08.01"]
[Round "4.54"]
[White "Wilsbeck, Jan Borge"]
[Black "Abrahamsen, Bjarne"]
[Result "1-0"]
[WhiteElo "1925"]
[BlackElo "1346"]
[PlyCount "29"]
[EventDate "2007.07.30"]
[EventType "swiss"]
[EventRounds "9"]
[EventCountry "DEN"]
[SourceTitle "EXT 2023"]
[Source "ChessBase"]
[SourceDate "2022.10.05"]
[SourceVersion "1"]
[SourceVersionDate "2022.10.05"]
[SourceQuality "1"]

1. e4 a5 2. d4 b6 3. c4 Bb7 4. Nc3 e6 5. Nf3 Bb4 6. Bd3 Bxc3+ 7. bxc3 d6 8. 0-0 Nd7 9. Rb1 Qe7 10. Ba3 0-0-0 11. e5 c5 12. Qe2 Bxf3 13. Qxf3 f6 14. Qc6+ Kb8 15. exd6 1-0

[Event "Politiken Cup 29th"]
[Site "Copenhagen"]
[Date "2007.07.24"]
[Round "5"]
[White "Jensen, Michael Agermose"]
[Black "Wilsbeck, Jan Borge"]
[Result "1/2-1/2"]
[WhiteElo "2094"]
[BlackElo "1925"]
[PlyCount "99"]
[EventDate "2007.07.21"]
[EventType "swiss"]
[EventRounds "10"]
[EventCountry "DEN"]
[SourceTitle "CBM 119 Extra"]
[Source "ChessBase"]
[SourceDate "2007.09.04"]
[SourceVersion "1"]
[SourceVersionDate "2007.09.04"]
[SourceQuality "1"]

1. e4 c5 2. d4 cxd4 3. c3 dxc3 4. Nxc3 d6 5. Bc4 Nc6 6. Nf3 Bd7 7. 0-0 e6 8. Qe2 Nf6 9. Rd1 Be7 10. Bg5 a6 11. Rd2 Qa5 12. Rad1 Ne5 13. Nxe5 Qxe5 14. f4 Qc5+ 15. Kh1 Bc6 16. Bxf6 gxf6 17. f5 b5 18. Bb3 e5 19. Bd5 h5 20. b4 Qb6 21. Rc2 Rc8 22. Rdc1 Bd7 23. Qd3 Kf8 24. Bb3 Rg8 25. Nd5 Rxc2 26. Rxc2 Qa7 27. Qe3 Qxe3 28. Nxe3 Bd8 29. g3 a5 30. a3 Kg7 31. Rd2 Bc6 32. Bd5 Bb6 33. Bxc6 Bxe3 34. Rxd6 axb4 35. axb4 Rc8 36. Bxb5 Rb8 37. Rd5 Bd4 38. Kg2 Bc3 39. Be2 Rxb4 40. Bxh5 Rxe4 41. Rd7 Kh6 42. Bxf7 Re2+ 43. Kh3 Rd2 44. Rb7 Kg7 45. Bg6+ Kh8 46. Rf7 e4 47. Re7 Be5 48. Re8+ Kg7 49. Re7+ Kf8 50. Re8+ 1/2-1/2

[Event "NOR-ch qual-A"]
[Site "Oslo"]
[Date "2007.04.01"]
[Round "1"]
[White "Suntharalingam, Jathavan"]
[Black "Wilsbeck, Jan Borge"]
[Result "0-1"]
[WhiteElo "1498"]
[BlackElo "1854"]
[PlyCount "66"]
[EventDate "2007.04.01"]
[EventType "swiss"]
[EventRounds "7"]
[EventCountry "NOR"]
[SourceTitle "EXT 2008"]
[Source "ChessBase"]
[SourceDate "2007.11.25"]
[SourceVersion "1"]
[SourceVersionDate "2007.11.25"]
[SourceQuality "1"]

1. e4 c5 2. Nf3 d6 3. d4 cxd4 4. Nxd4 Nf6 5. Nc3 a6 6. Be3 Ng4 7. Bg5 h6 8. Bh4 g5 9. Bg3 Bg7 10. Qd2 Nc6 11. Nxc6 bxc6 12. f3 Ne5 13. Bf2 Rb8 14. 0-0-0 Qa5 15. Kb1 Qb4 16. Qc1 Nxf3 17. Rd3 Bxc3 18. Rxc3 Qxc3 19. Ba7 Nd2+ 20. Ka1 Rxb2 21. Qxb2 Qxb2+ 22. Kxb2 Nxe4 23. Be2 c5 24. Bf3 f5 25. Bxe4 fxe4 26. Re1 Bb7 27. c4 Rf8 28. Re2 Kd7 29. Bb6 e3 30. Kc2 Bxg2 31. Rxe3 Rf2+ 32. Kb3 g4 33. Ba5 Bf3 0-1

[Event "Gausdal Byggern Masters"]
[Site "Gausdal"]
[Date "2006.10.02"]
[Round "9"]
[White "Bue, Gunnar"]
[Black "Wilsbeck, Jan Borge"]
[Result "0-1"]
[WhiteElo "1850"]
[BlackElo "1931"]
[PlyCount "78"]
[EventDate "2006.09.24"]
[EventType "swiss"]
[EventRounds "9"]
[EventCountry "NOR"]
[SourceTitle "CBM 114 Extra"]
[Source "ChessBase"]
[SourceDate "2006.11.03"]
[SourceVersion "1"]
[SourceVersionDate "2006.11.03"]
[SourceQuality "1"]

1. d4 f5 2. c4 Nf6 3. Nf3 e6 4. e3 Be7 5. Bd3 0-0 6. 0-0 b6 7. Nc3 Bb7 8. b3 Ne4 9. Bb2 Nxc3 10. Bxc3 d6 11. Qe2 Nd7 12. e4 f4 13. e5 d5 14. Rac1 g5 15. cxd5 Bxd5 16. Bc4 c6 17. Bxd5 cxd5 18. Bd2 Rf5 19. g4 Rf7 20. Rc6 Nf8 21. Rfc1 Ba3 22. R1c2 h5 23. Ne1 Qe8 24. f3 Bc5 25. R6xc5 bxc5 26. Rxc5 Qd7 27. h3 Rc8 28. Nd3 hxg4 29. hxg4 Rh7 30. Rxc8 Qxc8 31. Nc5 Qc7 32. b4 Qg7 33. a4 Qh6 34. Qg2 Qg6 35. Be1 Qb1 36. Qd2 Kf7 37. b5 Ng6 38. Kg2 Nh4+ 39. Kf2 Nf5 0-1

[Event "Gausdal Byggern Masters"]
[Site "Gausdal"]
[Date "2006.09.26"]
[Round "3"]
[White "Bentsen, Oyvind"]
[Black "Wilsbeck, Jan Borge"]
[Result "1-0"]
[WhiteElo "2216"]
[BlackElo "1931"]
[PlyCount "87"]
[EventDate "2006.09.24"]
[EventType "swiss"]
[EventRounds "9"]
[EventCountry "NOR"]
[SourceTitle "CBM 114 Extra"]
[Source "ChessBase"]
[SourceDate "2006.11.03"]
[SourceVersion "1"]
[SourceVersionDate "2006.11.03"]
[SourceQuality "1"]

1. e4 c5 2. Nf3 d6 3. d4 cxd4 4. Nxd4 Nf6 5. Nc3 a6 6. Be2 e5 7. Nb3 Be7 8. 0-0 0-0 9. Bg5 Nbd7 10. a4 b6 11. f3 Bb7 12. Be3 Nc5 13. Nxc5 dxc5 14. Bc4 Qxd1 15. Rfxd1 Rfd8 16. Bg5 Rd4 17. Bxf6 Bxf6 18. Bd5 Rb8 19. Bxb7 Rxb7 20. Nd5 Kf8 21. Kf2 Bd8 22. Ke2 Rxd1 23. Kxd1 Rd7 24. Ke2 g6 25. b3 f5 26. Rd1 Kf7 27. g4 f4 28. Kd3 Rd6 29. Kc4 a5 30. Nc3 Rxd1 31. Nxd1 Kf6 32. Kd5 Kg5 33. Kxe5 Bf6+ 34. Ke6 Bd4 35. c3 Be3 36. Kd5 Kh4 37. e5 c4 38. b4 b5 39. bxa5 bxa4 40. Kxc4 a3 41. Kb3 Bc5 42. a6 h5 43. gxh5 gxh5 44. e6 1-0

[Event "Politiken Cup 28th"]
[Site "Copenhagen"]
[Date "2006.07.30"]
[Round "9"]
[White "Penalver, Osmani"]
[Black "Wilsbeck, Jan Borge"]
[Result "1-0"]
[WhiteElo "2126"]
[BlackElo "1931"]
[PlyCount "51"]
[EventDate "2006.07.22"]
[EventType "swiss"]
[EventRounds "9"]
[EventCountry "DEN"]
[SourceTitle "CBM 113 Extra"]
[Source "ChessBase"]
[SourceDate "2006.09.14"]
[SourceVersion "1"]
[SourceVersionDate "2006.09.14"]
[SourceQuality "1"]

1. d4 Nf6 2. c4 c5 3. d5 b5 4. a4 b4 5. Nd2 d6 6. e4 g6 7. f4 Bg7 8. Bd3 0-0 9. Ne2 Bg4 10. 0-0 Nbd7 11. h3 Bxe2 12. Qxe2 Nh5 13. Qf3 e5 14. f5 Nf4 15. Bc2 h5 16. Kh2 h4 17. Qg4 g5 18. f6 Bxf6 19. Nf3 Kh8 20. Qf5 Rg8 21. Nxh4 gxh4 22. Bxf4 exf4 23. e5 Rxg2+ 24. Kxg2 Qg8+ 25. Kh1 Bxe5 26. Qh5+ 1-0

[Event "Politiken Cup 28th"]
[Site "Copenhagen"]
[Date "2006.07.29"]
[Round "8"]
[White "Wilsbeck, Jan Borge"]
[Black "Romsdal, Trond"]
[Result "0-1"]
[WhiteElo "1931"]
[BlackElo "2215"]
[PlyCount "88"]
[EventDate "2006.07.22"]
[EventType "swiss"]
[EventRounds "9"]
[EventCountry "DEN"]
[SourceTitle "CBM 113 Extra"]
[Source "ChessBase"]
[SourceDate "2006.09.14"]
[SourceVersion "1"]
[SourceVersionDate "2006.09.14"]
[SourceQuality "1"]

1. e4 c5 2. Nf3 d6 3. d4 cxd4 4. Nxd4 Nf6 5. Nc3 a6 6. Bg5 e6 7. f3 Be7 8. Qd2 h6 9. Be3 b5 10. 0-0-0 b4 11. Nce2 d5 12. e5 Nfd7 13. f4 Qc7 14. Kb1 Nb6 15. Ng3 g6 16. Bd3 Nc6 17. Nxc6 Qxc6 18. b3 a5 19. Qf2 Nd7 20. Ne2 Nc5 21. Nd4 Nxd3 22. cxd3 Qa6 23. g4 a4 24. h4 h5 25. f5 axb3 26. Nxb3 exf5 27. gxh5 Rxh5 28. Bg5 Qa7 29. Qc2 Bd7 30. Qd2 Qb6 31. Rc1 Rc8 32. Rcg1 Rc3 33. Bxe7 Kxe7 34. Rg5 Rh8 35. h5 Bb5 36. Rg3 Qa6 37. Rhh3 Ra8 38. Nc1 Rac8 39. Qg5+ Kd7 40. Rh1 b3 41. Nxb3 Bxd3+ 42. Rxd3 Qxd3+ 43. Ka1 Rxb3 44. axb3 Qc3+ 0-1

[Event "NOR-ch op"]
[Site "Oslo"]
[Date "2006.04.08"]
[Round "1"]
[White "Wilsbeck, Jan Borge"]
[Black "Johannessen, Svein"]
[Result "1/2-1/2"]
[WhiteElo "1919"]
[BlackElo "2252"]
[PlyCount "20"]
[EventDate "2006.04.08"]
[EventType "swiss"]
[EventRounds "9"]
[EventCountry "NOR"]
[SourceTitle "CBM 111 Extra"]
[Source "ChessBase"]
[SourceDate "2006.05.09"]
[SourceVersion "1"]
[SourceVersionDate "2006.05.09"]
[SourceQuality "1"]

1. e4 c6 2. d4 d5 3. e5 Qb6 4. Nc3 Bf5 5. g4 Bd7 6. Na4 Qa5+ 7. c3 h5 8. gxh5 Bf5 9. Nc5 e6 10. Nd3 Be4 1/2-1/2

[Event "Norwegian op"]
[Site "Oslo"]
[Date "2005.03.23"]
[Round "5"]
[White "Wilsbeck, Jan Borge"]
[Black "Gvein, Kenneth"]
[Result "0-1"]
[WhiteElo "1947"]
[BlackElo "2137"]
[PlyCount "98"]
[EventDate "2005.03.19"]
[EventType "swiss"]
[EventRounds "9"]
[EventCountry "NOR"]
[SourceTitle "CBM 105 Extra"]
[Source "ChessBase"]
[SourceDate "2005.05.01"]
[SourceVersion "1"]
[SourceVersionDate "2005.05.01"]
[SourceQuality "1"]

1. e4 c5 2. Nf3 Nc6 3. d4 cxd4 4. Nxd4 Nf6 5. Nc3 e5 6. Ndb5 d6 7. Nd5 Nxd5 8. exd5 Nb8 9. c4 Be7 10. Be3 a6 11. Nc3 0-0 12. Bd3 f5 13. f3 Bg5 14. Qd2 Bh4+ 15. g3 Be7 16. 0-0 Nd7 17. b4 Kh8 18. Rac1 g5 19. Bb1 b6 20. Na4 b5 21. cxb5 axb5 22. Nc3 Ba6 23. Bd3 f4 24. gxf4 gxf4 25. Bf2 Rb8 26. a4 Nf6 27. Bxb5 Bc8 28. Kh1 Bf5 29. Rce1 Nh5 30. Ne4 Bh3 31. Rg1 Rg8 32. Rxg8+ Qxg8 33. Rg1 Qf7 34. Bf1 Bf5 35. b5 Nf6 36. Nxf6 Bxf6 37. Bg2 Rc8 38. Rd1 Rc2 39. Qe1 Qg7 40. Rd2 Rc4 41. Ra2 Qb7 42. Bf1 Qxd5 43. Rd2 Qxf3+ 44. Bg2 Qa3 45. Bd5 Rxa4 46. Ra2 Qd3 47. Rd2 Qxb5 48. Bh4 Bxh4 49. Qg1 Qxd5+ 0-1

[Event "Norwegian op"]
[Site "Oslo"]
[Date "2005.03.21"]
[Round "3"]
[White "Bentsen, Oyvind"]
[Black "Wilsbeck, Jan Borge"]
[Result "1-0"]
[WhiteElo "2185"]
[BlackElo "1947"]
[PlyCount "53"]
[EventDate "2005.03.19"]
[EventType "swiss"]
[EventRounds "9"]
[EventCountry "NOR"]
[SourceTitle "CBM 105 Extra"]
[Source "ChessBase"]
[SourceDate "2005.05.01"]
[SourceVersion "1"]
[SourceVersionDate "2005.05.01"]
[SourceQuality "1"]

1. e4 c5 2. Nf3 e6 3. d4 cxd4 4. Nxd4 a6 5. Be3 Qc7 6. c3 Nf6 7. Bd3 Nc6 8. Nxc6 bxc6 9. Nd2 d5 10. c4 Bd6 11. g3 Be5 12. f4 Bxb2 13. Rb1 Bc3 14. Bb6 Qe7 15. Qc2 d4 16. e5 Ng4 17. Ke2 f5 18. Nb3 c5 19. Nxc5 Rb8 20. Qa4+ Kf7 21. Qc6 Bb7 22. Nxb7 Rxb7 23. Bd8 Rxb1 24. Rxb1 Qxd8 25. Rb7+ Kf8 26. Qxe6 Nh6 27. Rd7 1-0

[Event "Rilton Cup 34th"]
[Site "Stockholm"]
[Date "2005.01.03"]
[Round "7"]
[White "Wilsbeck, Jan Borge"]
[Black "Duenas, Alexis"]
[Result "1-0"]
[WhiteElo "1947"]
[BlackElo "1987"]
[PlyCount "65"]
[EventDate "2004.12.27"]
[EventType "swiss"]
[EventRounds "9"]
[EventCountry "SWE"]
[SourceTitle "CBM 104 Extra"]
[Source "ChessBase"]
[SourceDate "2005.03.01"]
[SourceVersion "1"]
[SourceVersionDate "2005.03.01"]
[SourceQuality "1"]

1. e4 c5 2. Nf3 Nc6 3. d4 cxd4 4. Nxd4 Nf6 5. Nc3 e5 6. Ndb5 d6 7. Nd5 Nxd5 8. exd5 Nb8 9. c4 Be7 10. Be3 a6 11. Nc3 0-0 12. Be2 f5 13. f3 f4 14. Bf2 Rf6 15. b4 Rh6 16. Qd2 Bh4 17. Bd3 b6 18. Bxh4 Qxh4+ 19. Qf2 Qxf2+ 20. Kxf2 Nd7 21. Ne4 Bb7 22. h3 Rc8 23. Rac1 Rd8 24. Rhd1 Nf6 25. Nc3 Rc8 26. Na4 Nd7 27. Bf5 Rc7 28. Bxd7 Rxd7 29. Nxb6 Rd8 30. c5 dxc5 31. bxc5 Bc8 32. Nxc8 Rxc8 33. d6 1-0